| 000 | 00848cam a2200277 4500500 | ||
|---|---|---|---|
| 005 | 20260405003526.0 | ||
| 041 | _afre | ||
| 042 | _adc | ||
| 100 | 1 | 0 |
_aLarmagnac-Matheron, Octave _eauthor |
| 245 | 0 | 0 | _aEric Klinenberg : “Les canicules sont des tueuses silencieuses et invisibles de personnes silencieuses et invisibles” |
| 260 | _c2022. | ||
| 500 | _a97 | ||
| 690 | _aAutrui | ||
| 690 | _aCanicule | ||
| 690 | _aChaleur | ||
| 690 | _aClimat | ||
| 690 | _aCrime | ||
| 690 | _aEric Klinenberg | ||
| 690 | _aÉtats-Unis | ||
| 690 | _aQuartier | ||
| 690 | _aVieillesse | ||
| 690 | _aViolence | ||
| 690 | _aVulnérabilité | ||
| 786 | 0 | _nPhilosophie magazine | 161 | 8 | 2022-07-01 | p. 11-11 | 1951-1787 | |
| 856 | 4 | 1 | _uhttps://shs.cairn.info/magazine-philosophie-magazine-2022-8-page-11?lang=fr&redirect-ssocas=7080 |
| 999 |
_c2068366 _d2068367 |
||